Dünyanın Başkentleri - Statistics

General Stats
  • This quiz has been taken 8 046 times
    8 043 since last reset
  • The average score is 58 of 196
Answer Stats
Ülke Başkent % Correct
Almanya Berlin
96%
Franca Paris
85%
Birleşik Krallık Londra
84%
İtalya Roma
83%
İspanya Madrid
81%
Türkiye Ankara
80%
Rusya Moskova
80%
Yunanistan Atina
79%
Hollanda Amsterdam
76%
Azerbaycan Bakü
76%
Bulgaristan Sofya
75%
Ukrayna Kiev
74%
Japonya Tokyo
73%
Belçika Brüksel
72%
Çin Pekin
72%
Avusturya Viyana
72%
Norveç Oslo
70%
Portekis Lizbon
68%
Çekya Prag
68%
Güney Kore Seul
68%
Suriye Şam
65%
Birleşik Devletler Vaşington D.C.
65%
Vatikan Vatikan
65%
İrlanda Dublin
63%
Finlandiya Helsinki
63%
Bosna-Hersek Saraybosna
63%
Danimarka Kopenhag
62%
İsveç Stockholm
62%
Lüksemburg Lüksemburg
60%
Monako Monako
60%
Polonya Varşova
60%
Hindistan Yeni Delhi
60%
İrak Bağdat
59%
İsviçre Bern
59%
Romanya Bükreş
59%
İran Tahran
59%
Macaristan Budapeşte
58%
Arnavutluk Tiran
58%
Hırvatistan Zagreb
57%
Sırbistan Belgrad
56%
San Marino San Marino
56%
Kıbrıs Lefkoşa
55%
Gürcistan Tiflis
53%
İsrail Kudüs
52%
Meksika Meksiko
52%
Beyaz Rusya Minsk
52%
Suudi Arabistan Riyad
51%
Kuzey Makedonya Üsküp
51%
Mısır Kahire
49%
Kanada Ottawa
47%
Ermenistan Erivan
46%
Afganistan Kâbil
45%
Kazakistan Nur-Sultan
45%
Arjantin Buenos Aires
44%
Özbekistan Taşkent
44%
Moğolistan Ulan Batur
44%
Estonya Tallinn
43%
Brezilya Brasília
42%
Birleşik Arap Emirlikleri Abu Dabi
41%
Pakistan İslamabad
41%
Singapur Singapur
40%
Cezayir Cezayir
39%
İzlanda Reykjavik
39%
Letonya Riga
39%
Avustralya Kanberra
38%
Lübnan Beyrut
37%
Andorra Andorra la Vella
36%
Tayland Bangkok
36%
Endonezya Cakarta
36%
Kuveyt Kuveyt
36%
Kırgızistan Bişkek
35%
Katar Doha
35%
Küba Havana
35%
Kuzey Kore Pyongyang
35%
Türkmenistan Aşkabat
34%
Slovakya Bratislava
34%
Bangladeş Dakka
34%
Panama Panama
34%
Kosova Priştine
34%
Fas Rabat
32%
Tunus Tunus
32%
Moldova Kişinev
31%
Litvanya Vilnius
30%
Slovenya Ljubljana
29%
Libya Trablus
29%
Güney Afrika Pretoria / Cape Town / Bloemfontein
28%
Şili Santiago
28%
Lihtenştayn Vaduz
28%
Ürdün Amman
27%
Malezya Kuala Lumpur
27%
Peru Lima
27%
Yemen San'a
27%
Malta Valetta
26%
Yeni Zelanda Wellington
26%
Filipinler Manila
25%
Kolombiya Bogotá
24%
Kenya Nairobi
24%
Karadağ Podgorica
24%
El Salvador San Salvador
24%
Venezuela Karakas
23%
Uruguay Montevideo
23%
Vietnam Hanoi
22%
Tayvan Taipei
22%
Tacikistan Duşanbe
21%
Guatemala Guatemala
21%
Cibuti Cibuti
20%
Nepal Katmandu
20%
Bolivya La Paz / Sucre
19%
Bahreyn Manama
19%
Jamaika Kingston
18%
Saint Vincent ve Grenadinler Kingstown
18%
Dominik Cumhuriyeti Santo Domingo
18%
Doğu Timor Dili
17%
Ekvador Kito
17%
Maldivler Malé
17%
Senegal Dakar
16%
Sri Lanka Kolombo
15%
Umman Maskat
15%
Etiyopya Addis Ababa
14%
Nijerya Abuja
13%
Gine-Bissau Bissau
13%
Kosta Rika San José
13%
Gana Akra
12%
Sudan Hartum
12%
Somali Mogadişu
12%
Kamboçya Punon Pen
12%
São Tomé ve Príncipe São Tomé
12%
Bhutan Thimphu
12%
Nauru Yaren
12%
Guyana Georgetown
11%
Angola Luanda
11%
Trinidad ve Tobago Port-of-Spain
11%
Paraguay Asunción
10%
Brunei Bandar Seri Begavan
10%
Kongo Demokratik Cumhuriyeti Kinşasa
10%
Nikaragua Managua
10%
Surinam Paramaribo
10%
Haiti Port-au-Prince
10%
Barbados Bridgetown
9%
Güney Sudan Cuba
9%
Sierra Leone Freetown
9%
Zimbabve Harare
9%
Bahamalar Nassau
9%
Seyşeller Victoria
9%
Laos Vientiane
9%
Belize Belmopan
8%
Uganda Kampala
8%
Myanmar Naypyidaw
8%
Antigua ve Barbuda Saint John's
8%
Fiji Suva
8%
Eritre Asmara
7%
Tanzanya Dodoma
7%
Ruanda Kigali
7%
Zambiya Lusaka
7%
Dominika Roseau
7%
Grenada Saint George's
7%
Kamerun Yaoundé
7%
Madagaskar Antananarivo
6%
Gine Konakri
6%
Togo Lomé
6%
Nijer Niamey
6%
Papua Yeni Gine Port Moresby
6%
Vanuatu Port Vila
6%
Honduras Tegucigalpa
6%
Samoa Apia
5%
Mali Bamako
5%
Gambiya Banjul
5%
Kongo Cumhuriyeti Brazzaville
5%
Botsvana Gaborone
5%
Kiribati Güney Tarava
5%
Mikronezya Federal Devletleri Palikir
5%
Mauritius Port Louis
5%
Benin Porto-Novo / Cotonou
5%
Yeşil Burun Adaları Praya
5%
Orta Afrika Cumhuriyeti Bangui
4%
Saint Kitts ve Nevis Basseterre
4%
Saint Lucia Castries
4%
Tuvalu Funafuti
4%
Burundi Gitega
4%
Gabon Libreville
4%
Marshall Adaları Majuro
4%
Ekvator Ginesi Malabo
4%
Mozambik Maputo
4%
Esvatini Mbabane
4%
Çad N'Djamena
4%
Moritanya Nuakşot
4%
Burkina Faso Ouagadougou
4%
Namibya Windhoek
4%
Fildişi Sahili Yamoussoukro
4%
Solomon Adaları Honiara
3%
Malavi Lilongwe
3%
Lesotho Maseru
3%
Liberya Monrovia
3%
Komorlar Moroni
3%
Palau Ngerulmud
3%
Tonga Nukuʻalofa
3%
No matching quizzes found
Score Distribution
Percent of People with Each Score
Percentile by Number Answered
Your Score History
You have not taken this quiz since the last reset